UM Logo
Normal view MARC view
  • Criminal procedure.

Entry Topical Term

Number of records used in: 2

001 - CONTROL NUMBER

  • control field: 45303

003 - CONTROL NUMBER IDENTIFIER

  • control field: OSt

005 - DATE AND TIME OF LATEST TRANSACTION

  • control field: 20220531143831.0

008 - FIXED-LENGTH DATA ELEMENTS

  • fixed length control field: 220531|| aca||aabn | a|a d

040 ## - CATALOGING SOURCE

  • Original cataloging agency: OSt
  • Transcribing agency: OSt

150 ## - HEADING--TOPICAL TERM

  • Topical term or geographic name entry element: Criminal procedure.

670 ## - SOURCE DATA FOUND

  • Source citation: Work cat.: (OSt): Yee, Ellen Liang. 45302, Forfeiture of the confrontation right in Giles:, ©2010.